00678nam a2200193 a 450000100100000000500170001000800410002702000180006804000250008608200170011110000380012824500610016626000350022730000320026250400320029459000260032695201150035299900170046700004847120201002061158.0190322s2015 dr a r 000 0 spa d a9789945472493 aDO-SdBNPbspacBNPHU a625.7bM828p1 aMorales Sosa, Hugo Andrés9655710aPresupuesto de carreteras /cHugo Andrés Morales Sosa. aSanto Domingo :bINTEC,c2015. axv, 236 p. :bil. ;c28 cm. aBibliografía : p. 235-237 aInventariado, 2019/BT 0010718PDaPDbPDcHDd2019-03-22iLF1l0o625.7 M828pp48471-10r2020-06-25w2020-06-25yLFPDZNo se presta c47959d47959